000 00374nam a2200133Ia 4500
008 100328s9999 xx 000 0 und d
082 _b51064
100 _aभसे पोपटराव
245 _aहाय सोसायटी.
260 _bराज
630 _aहाय सोसायटी.
730 _aहाय सोसायटी.
942 _cBOOK
999 _c538064
_d538061